000 00593nam a2200169Ia 4500
008 090201s9999 xx 000 0 und d
010 _aKPL-27545
040 _bइंग्रजी
041 _aइंग्रजी
082 _a26432
_b27545
100 _aयशवंत भागवत
245 _aप्रिया कुणाची प्रिया !
_cयशवंत भागवत
260 _c2004
_bउदय दिप प्रकाशन
300 _a188
_bमोठा
600 _aप्रिया कुणाची प्रिया !
942 _cBOOK
999 _c225495
_d225495